Catalog

Record Details

Catalog Search



Sufficient grace Cover Image CD Audiobook CD Audiobook

Sufficient grace [sound recording] / by Darnell Arnoult.

Arnoult, Darnell, 1955- (Author). Darlow, Cynthia. (Added Author).

Summary:

Gracie Hollaman finally decides to follow the voices in her head. She leaves behind her family for the small African-American town of Rockrun to join Mama Toot and Mattie. Together, the three will learn to shed their pasts to begin life anew.

Record details

  • ISBN: 1428111654
  • Physical Description: 10 sound discs (11.5 hrs.) : digital ; 4 3/4 in.
  • Edition: Unabridged.
  • Publisher: Prince Frederick, MD : Recorded Books, p2006.

Content descriptions

Participant or Performer Note:
Performed by Cynthia Darlow.
System Details Note:
Compact disc.
Subject: Schizophrenics > Fiction.
Middle-aged women > Fiction.
Missing persons > Fiction.
Southern States > Fiction.
Audiobooks.

LDR 01322nim a2200337 a 4500
001128935
003CONS
00520140703073304.0
007sd fungnnumned
008060926s2006 mdunnnn f n eng d
020 . ‡a1428111654
0243 . ‡a9781428111653
02802. ‡aCV043 ‡bRecorded Books
035 . ‡a(CPomAG)LMN498241
1001 . ‡aArnoult, Darnell, ‡d1955-
24510. ‡aSufficient grace ‡h[sound recording] / ‡cby Darnell Arnoult.
250 . ‡aUnabridged.
260 . ‡aPrince Frederick, MD : ‡bRecorded Books, ‡cp2006.
300 . ‡a10 sound discs (11.5 hrs.) : ‡bdigital ; ‡c4 3/4 in.
538 . ‡aCompact disc.
5110 . ‡aPerformed by Cynthia Darlow.
520 . ‡aGracie Hollaman finally decides to follow the voices in her head. She leaves behind her family for the small African-American town of Rockrun to join Mama Toot and Mattie. Together, the three will learn to shed their pasts to begin life anew.
650 0. ‡aSchizophrenics ‡vFiction.
650 0. ‡aMiddle-aged women ‡vFiction.
650 0. ‡aMissing persons ‡vFiction.
651 0. ‡aSouthern States ‡vFiction.
650 0. ‡aAudiobooks.
7001 . ‡aDarlow, Cynthia.
914 . ‡aScp_ds
959 . ‡i32269000765902 ‡lBK/CD Arn ‡aAdult - Audiobook ‡tAudiobook ‡g119.75
852 . ‡p32269000765902 ‡jBK/CD Arn ‡gAdult - Audiobook ‡cAudiobook ‡y119.75 ‡bSBPL
901 . ‡a128935 ‡bUnknown ‡c128935 ‡tbiblio

Additional Resources